=LDR 00000nam 2200000 4500 =001 INLIS000000000045349 =005 20240830031851 =035 ##$$a 0010-011500000000175 =008 240830################b##########0#ind## =020 ##$$a 978-979-678-349-6 =040 ##$$a NBPDMAT =082 ##$$a 028.5 =090 ##$$a 028.5 $b Yul m =100 ##$$a Yuli Widayati =245 1#$$a Mengenal benda dan lingkungan /$c Yuli Widayati =260 ##$$a Bandung :$b Sarana Panca Karya Nusa,$c 2009 =300 ##$$a iv, 52 hlm. : $b ilus. ; $c 24 cm. =500 ##$$a Bibliografi : hlm. 51, Indeks : hlm. 52 =650 #4$$a Bacaan kanak - Kanak =850 ##$$a NBPDMAT =084 ##$$a 028.5 YUL m =990 ##$$a 21421017 =990 ##$$a 21421018 =990 ##$$a 21421019 =990 ##$$a 21421020 =990 ##$$a 21421021 =990 ##$$a 21421018 =990 ##$$a 21421017 =990 ##$$a 21421019 =990 ##$$a 21421020 =990 ##$$a 21421021